|
|
|
|
| LEADER |
02335nam a2200613 i 4500 |
| 001 |
nkc20253684230 |
| 003 |
CZ PrNK |
| 005 |
20250605135414.0 |
| 007 |
ta |
| 008 |
250506s2025 xr ab e f 001 0 cze |
| 015 |
|
|
|a cnb003684230
|
| 020 |
|
|
|a 978-80-271-5602-3
|q (brožováno) :
|c Kč 499,00
|
| 035 |
|
|
|a (OCoLC)1527578285
|
| 040 |
|
|
|a BOA001
|b cze
|e rda
|
| 041 |
1 |
|
|a cze
|h pol
|
| 043 |
|
|
|a e-pl---
|
| 072 |
|
7 |
|a 913(4)
|x Geografie Evropy, reálie, cestování
|2 Konspekt
|9 7
|
| 080 |
|
|
|a 796.57:629.331
|2 MRF
|
| 080 |
|
|
|a 796.5:625.711.8
|2 MRF
|
| 080 |
|
|
|a 913:338.483.1
|2 MRF
|
| 080 |
|
|
|a 913(438)
|2 MRF
|
| 080 |
|
|
|a (438)
|2 MRF
|
| 080 |
|
|
|a (036)913
|2 MRF
|
| 080 |
|
|
|a (084.12)
|2 MRF
|
| 100 |
1 |
|
|a Gospodarek, Mikołaj,
|d 1987-
|7 xx0312781
|4 aut
|4 pht
|
| 240 |
1 |
0 |
|a Polska.
|l Česky
|
| 245 |
1 |
0 |
|a Polsko na čtyřech kolech :
|b 20 nejlepších víkendových tras pro motoristy /
|c Mikołaj Gospodarek ; z polského originálu Polska ... přeložil Miroslav Zelinský
|
| 250 |
|
|
|a První vydání
|
| 264 |
|
1 |
|a Praha :
|b Grada,
|c 2025
|
| 300 |
|
|
|a 319 stran :
|b barevné ilustrace, mapy ;
|c 24 cm
|
| 336 |
|
|
|a text
|b txt
|2 rdacontent
|
| 336 |
|
|
|a statický obraz
|b sti
|2 rdacontent
|
| 337 |
|
|
|a bez média
|b n
|2 rdamedia
|
| 338 |
|
|
|a svazek
|b nc
|2 rdacarrier
|
| 500 |
|
|
|a Obsahuje rejstřík
|
| 650 |
0 |
7 |
|a autoturistika
|7 ph391048
|z Polsko
|2 czenas
|
| 650 |
0 |
7 |
|a turistické trasy
|7 ph606745
|z Polsko
|2 czenas
|
| 650 |
0 |
7 |
|a turistické zajímavosti
|7 ph126800
|z Polsko
|2 czenas
|
| 650 |
0 |
9 |
|a automobile travel
|z Poland
|2 eczenas
|
| 650 |
0 |
9 |
|a tourist trails
|z Poland
|2 eczenas
|
| 650 |
0 |
9 |
|a tourist sights
|z Poland
|2 eczenas
|
| 651 |
|
7 |
|a Polsko
|7 ge130478
|x reálie
|2 czenas
|
| 651 |
|
9 |
|a Poland
|x description and travel
|2 eczenas
|
| 655 |
|
7 |
|a turistické průvodce
|7 fd133738
|2 czenas
|
| 655 |
|
7 |
|a fotografické publikace
|7 fd132276
|2 czenas
|
| 655 |
|
9 |
|a tourist guidebooks
|2 eczenas
|
| 655 |
|
9 |
|a photographical works
|2 eczenas
|
| 700 |
1 |
|
|a Zelinský, Miroslav,
|d 1961-
|7 jk01152433
|4 trl
|
| 910 |
2 |
|
|a BOA001
|b 2-1543.636
|
| 990 |
|
|
|a BK
|
| 995 |
|
|
|a 01
|
| 991 |
|
|
|b 202505
|c NOV
|
| 996 |
6 |
|
|b 2611003244
|c 2-1543.636
|l MZK
|r Sklad / do 1 hodiny
|n 0
|p p.v.
|w 002004459
|u 000010
|a 1
|e BOA001
|j MZK50
|s P
|
| 996 |
7 |
|
|b 2611004238
|c 2-1543.636
|l Vol.výběr
|r VV 1p
|n 2
|p kup
|h 913(4) PRU POL
|w 002004459
|u 000020
|a 0
|e BOA001
|j MZK50
|s A
|